Регионална библиотека "Любен Каравелов" - Русе

Нерецензирани строфи (Запис номер 160210)

MARC детайли
000 -Лидер
Контролно поле с фиксирана дължина 01063nam a2200301 c 4500
003 - Код на организацията, давaща контролен номер
Контролно поле BLK
005 - Дата и час на последна редакция
Контролно поле 20220225141410.0
008 - Елементи от данни с фиксирана дължина
fixed length control field 180410b bul|||||r ||||||| ||bul||
010 ## - Наследен системен номер
LC control number KNG00167415000
040 ## - Източник на каталожния запис
Идентификатор на билиотеката - собственик на записа BLK
041 ## - Код за език
Код за езика на текст/звукозапис или на отделно заглавие Български
Код за езика КДБФ Български
072 #7 - Код за тематичната категория
Код организация bullib
Код за тематична категория К
Текст Краезнание
072 #7 - Код за тематичната категория
Код организация bullib
Код за тематична категория РА
Текст Русенски автори
080 ## - УДК
Текстов определител УДК Българска литература
УДК код - определител по УДК 821.163.2
УДК определител -1
УДК - код + определител 821.163.2-1
100 1# - Редна дума - Автор
Автор Кожухаров, Ивайло
Авторска отговорност първи автор
R(LIN) 245030
139 ## - Редно поле
Редна дума Кожухаров, Ивайло
Авторски знак Кож - К 74
245 10 - Сведения за заглавието
Заглавие Нерецензирани строфи
Подзаглавни данни Стихове
Редно поле (дума) Ивайло Кожухаров.
257 ## - Страна на издаване
Страна на създаване/издаване България
260 ## - Област на издателските данни
Име на издателя, разпространителя и проч. Изд. авт.
Година на издаване 1991
Печатница Русе : Дунав-Прес
300 ## - Физическа характеристика
Страници 48 с.
Размери/Мащаб 20 см
380 ## - Жанр
Жанр Худож. лит.
659 ## - Тематичен бюлетин
Тематичен бюлетин К
852 ## - Местоположение
Форматна сигнатура Цб 176450
852 ## - Местоположение
Форматна сигнатура К 821.163.2/К 74 И
852 ## - Местоположение
Форматна сигнатура К 821.163.2/К 69
856 4# - Електронен адрес и достъп
Електронен формат pdf - файл
856 4# - Електронен адрес и достъп
Електронен формат pdf - файл
999 ## - СИСТЕМНИ КОНТРОЛНИ НОМЕРА
Koha biblionumber 160210
Koha biblioitemnumber 160210
942 ## - АРТИКУЛИ
Вид на библиотечния материал Книги
Скрит в OPAC Не
Периодичен библиозапис Да
944 ## - СЪЗДАВАНЕ И РЕДАКЦИЯ на ЗАПИСА
Създаване/Редакция Създаване
Дата на регистрацията/редакция 19.11.2014
Статус, дата на статуса 19.11.2014 - от С1,Р / 19.11.2014
Служител, извършил регистрацията/редакцията Нора_Радева
944 ## - СЪЗДАВАНЕ И РЕДАКЦИЯ на ЗАПИСА
Създаване/Редакция Редакция
Дата на регистрацията/редакция 19.11.2014
Статус, дата на статуса 19.11.2014 - от С1,Р / 19.11.2014
999 ## - СИСТЕМНИ КОНТРОЛНИ НОМЕРА
Koha biblioitemnumber 160210
999 ## - СИСТЕМНИ КОНТРОЛНИ НОМЕРА
Koha biblioitemnumber 160210
Наличности
Код за отписване Код за изгубен артикул Източник на класификационната схема Код за повреда Коз за рестрикции Код за отдаване Артикулен № Име на библиотеката - собственик Име на библиотеката, в която се намира в момента Статус (Текущо местоположение) Дата на вписване в системата Местоположение - отдел Цена в лева Инвентарен номер Систематично азбучна сигнатура Баркод Номер на екземпляра Цена в евро Служебна бележка Служебен тип на артикула
  Не е изгубен Universal Decimal Classification Не е повреден без рестрикции ползва се в читалня 267740 Регионална библиотека "Любен Каравелов" Русе Регионална библиотека "Любен Каравелов" Русе Хранилище 1991-01-01 Хранилище 0.00 562725 Цб 176450 120000562725 1 0.00 Дост: Dp Вид: Д Дата: 01.01.1991 Книги
  Не е изгубен Universal Decimal Classification Не е повреден без рестрикции ползва се в читалня 267741 Регионална библиотека "Любен Каравелов" Русе Регионална библиотека "Любен Каравелов" Русе Хранилище 1991-01-01 Основен фонд - ползва се само за читалня 0.00 564719 Цб 176450 120000564719 2 0.00 Дост: Dp Вид: Д Дата: 01.01.1991 Книги
  Не е изгубен Universal Decimal Classification Не е повреден без рестрикции ползва се в читалня 267742 Регионална библиотека "Любен Каравелов" Русе Регионална библиотека "Любен Каравелов" Русе Краезнание 1991-01-01 Краезнание 0.00 576439 К 821.163.2/К 74 И 120000576439 3 0.00 Вид: Сф Дата: 01.01.1991 Дата инв: 14.11.2017 Бележки инв: К2017 Книги
  Не е изгубен Universal Decimal Classification Не е повреден без рестрикции ползва се в читалня 267743 Регионална библиотека "Любен Каравелов" Русе Регионална библиотека "Любен Каравелов" Русе Краезнание 1991-01-01 Краезнание 0.00 576438 К 821.163.2/К 74 И 120000576438 4 0.00 Вид: Сф Дата: 01.01.1991 Дата инв: 16.11.2017 Бележки инв: К2017 Книги
Vip Innovations Ltd, Rousse, Bulgaria 2025